<?xml version="1.0" encoding="UTF-8"?><?xml-stylesheet type="text/xsl" href="static/style.xsl"?><OAI-PMH xmlns="http://www.openarchives.org/OAI/2.0/" xmlns:xsi="http://www.w3.org/2001/XMLSchema-instance" xsi:schemaLocation="http://www.openarchives.org/OAI/2.0/ http://www.openarchives.org/OAI/2.0/OAI-PMH.xsd"><responseDate>2026-06-07T07:13:50Z</responseDate><request verb="GetRecord" identifier="oai:riuma.uma.es:10630/7417" metadataPrefix="marc">https://riuma.uma.es/rest/oai/request</request><GetRecord><record><header><identifier>oai:riuma.uma.es:10630/7417</identifier><datestamp>2026-02-03T11:52:32Z</datestamp><setSpec>com_10630_2254</setSpec><setSpec>col_10630_37959</setSpec></header><metadata><record xmlns="http://www.loc.gov/MARC21/slim" xmlns:dcterms="http://purl.org/dc/terms/" xmlns:doc="http://www.lyncode.com/xoai" xmlns:xsi="http://www.w3.org/2001/XMLSchema-instance" xsi:schemaLocation="http://www.loc.gov/MARC21/slim http://www.loc.gov/standards/marcxml/schema/MARC21slim.xsd">
   <leader>00925njm 22002777a 4500</leader>
   <datafield ind2=" " ind1=" " tag="042">
      <subfield code="a">dc</subfield>
   </datafield>
   <datafield ind2=" " ind1=" " tag="720">
      <subfield code="a">Morales-Siles, Antonio José</subfield>
      <subfield code="e">author</subfield>
   </datafield>
   <datafield ind2=" " ind1=" " tag="260">
      <subfield code="c">2014-04-22</subfield>
   </datafield>
   <datafield ind2=" " ind1=" " tag="520">
      <subfield code="a">QRE adds errors to human decisions, keeping the consistency of beliefs and decisions. The&#xd;
stochastic generalization via a logistic choice rule of the Nash equilibrium has been shown&#xd;
to have two appealing features: (i) its comparative statics properties are in some cases more intuitive than for the standard NE, and (ii) it explains experimental data that are consistent&#xd;
with intuition but are not predicted by a Nash equilibrium. In this paper we show that level k&#xd;
model, much simpler in terms of rationality requirements, reproduces the same&#xd;
comparative statics and offers predictions close to the logit QRE within the class of games&#xd;
with the local payoff property</subfield>
   </datafield>
   <datafield ind1="8" ind2=" " tag="024">
      <subfield code="a">http://hdl.handle.net/10630/7417</subfield>
   </datafield>
   <datafield tag="653" ind2=" " ind1=" ">
      <subfield code="a">Toma de decisiones (Estadística)</subfield>
   </datafield>
   <datafield ind2="0" ind1="0" tag="245">
      <subfield code="a">An equivalence theorem for LQRE and level-k and one intuitive contradiction</subfield>
   </datafield>
</record>
</metadata></record></GetRecord></OAI-PMH>